000 00669nam a2200241Ia 4500
003 OSt
005 20221005023646.0
006 a|||||r|||| 00| 0
007 ta
008 221004b |||||||| |||| 00| 0 eng d
024 _a51159
037 _cTextual
040 _aCRL
_cCRL
_beng
041 _2eng
_aeng
082 _aY:1.4482.3, M6
100 _aBichsel Ulrich
_9579846
245 0 _aPeriphery and Flux
_b Changing Chandigarh villages
260 _aBern
_bGeographisches Institut der Universitat
_c1986
300 _a192p.
_ccm.
650 _aSOCIOLOGY
942 _hY:1.4482.3, M6
_cTEXL
_2cc
999 _c931547
_d931547